Spend 'Til the End : (Record no. 609624)

MARC details
000 -LEADER
fixed length control field 00483nam a2200181 a 4500
001 - CONTROL NUMBER
control field 1769854928220
003 - CONTROL NUMBER IDENTIFIER
control field YourLibrary
005 - DATE AND TIME OF LATEST TRANSACTION
control field 20260131162127.0
008 - FIXED-LENGTH DATA ELEMENTS--GENERAL INFORMATION
fixed length control field 260131s2010##################000#0#eng##
020 ## - INTERNATIONAL STANDARD BOOK NUMBER
International Standard Book Number 9781416548911
082 04 - DEWEY DECIMAL CLASSIFICATION NUMBER
Classification number 332.024
Item number KOT
040 ## - CATALOGING SOURCE
Original cataloging agency YourLibrary
Language of cataloging eng
Transcribing agency YourLibrary
100 1# - MAIN ENTRY--PERSONAL NAME
Personal name Kotlikoff, Laurence J.,
Relator term author.
245 10 - TITLE STATEMENT
Title Spend 'Til the End :
260 ## - PUBLICATION, DISTRIBUTION, ETC.
Name of publisher, distributor, etc. Simon & Schuster,
Date of publication, distribution, etc. 2010.
650 #0 - SUBJECT ADDED ENTRY--TOPICAL TERM
Topical term or geographic name entry element Business & Economics.
942 ## - ADDED ENTRY ELEMENTS (KOHA)
Koha item type English Books
Holdings
Withdrawn status Lost status Damaged status Not for loan Home library Current library Shelving location Date acquired Total Checkouts Full call number Barcode Date last seen Price effective from Koha item type
        Anna Centenary Library Anna Centenary Library 4TH FLOOR, A WING 31.01.2026   332.024 KOT 448752 31.01.2026 31.01.2026 English Books

Find us on the map